Statistics for World's Largest Passenger Airlines by Fleet Size

Click here to take the quiz!

General Stats

  • This quiz has been taken 1,003 times
  • The average score is 7 of 10

Answer Stats

Fleet SizeAirline% Correct
971American Airlines
95%
765Delta Air Lines
94%
703United Airlines
89%
433Lufthansa
79%
316Air China
74%
676Southwest Airlines
74%
350Air France
70%
551China Southern Airlines
55%
451China Eastern Airlines
50%
363Air Canada
49%

Score Distribution

Percentile by Number Answered

Percent of People with Each Score

Your Score History

You have not taken this quiz